Responses for Show #1880 - Friday, November 6, 1992

Tom Nosek game 4.

Contestants

Jay Jurkowitz, a neurologist originally from Scranton, Pennsylvania

Mike Horner, a music agent originally from Washington, D.C.

Tom Nosek, an aerospace engineer originally from Chicago, Illinois (whose 3-day cash winnings total $43,800)

[next game >>]

Jeopardy! Round responses

FAMOUS GEMINIS
COOKING
ANIMAL GROUPS
EUROPEAN HISTORY
MOVIE MISSES
CALL ME "MR."
    $100 11
Sir Arthur Conan Doyle

Mike
    $100 30
ladyfingers

Tom
    $100 6
litter

Jay
    $100 1
Roman

Jay
    $100 21
(Jay: Who is Driving Miss [*]?)

Daisy

Jay
    $100 16
(Tom: Who is Watson?)

Mr. Watson

TomJay
    $200 12
Bob Dylan

Tom
    $200 26
Nice

Mike
    $200 7
turkeys

Tom
    $200 2
Switzerland

Tom
    $200 22
(Mike: What is the Best Little Whorehouse...Who was [*]? Miss [*].)
[Laughter.]

Dolly Parton

Mike
    $200 17
(Mike: Who is Farmer McGregor?)
...
(Tom: Who is [*]?)
[Laughter.]
(Alex: The "Mr." must appear in your response gentlemen. We've now burned up 2 clues in getting that point across.)

Mr. McGregor

TomMike
    $300 13
Prince Philip

Tom
    $300 27
jackets

Triple Stumper
    $300 8
eagle

Mike
    $300 3
Gibraltar

Mike
    $300 23
The Prime of Miss Jean Brodie

Mike
    $300 18
Mr. Whipple

Mike
    $400 14
Jefferson Davis

Jay
    $400 29
snow peas

Tom
    $400 9
toads

Tom
    $400 4
Louis XVI

Jay
    $400 24
Miss Sadie Thompson

Triple Stumper
    $400 19
(Jay: Who is Mr. Conservative?)

Mr. Republican

TomJay
    $500 15
(Mike: Who is Melvin Belli?)

F. Lee Bailey

Mike
Triple Stumper
    $500 28
saffron

Tom
    $500 10
(Tom: What is a hive?)

swarm

Tom
Triple Stumper
    $500 5
(Nicolae) Ceaușescu

Jay
    $500 25
(Mike: What is Miss Fourth of July?)

Miss Firecracker

Mike
Triple Stumper
    $500 20
Mr. Moto

Tom

Scores at the first commercial break (after clue 13):

Tom Mike Jay
$800 $700 $1,100

Scores at the end of the Jeopardy! Round:

Tom Mike Jay
$2,800 $500 $1,300

Double Jeopardy! Round responses

THE 20th CENTURY
ISLANDS
SICKNESS & HEALTH
WEATHER
INDUSTRIAL DESIGN
PULITZER PRIZES
    $200 2
Australia

Jay
    $200 16
Martha's Vineyard

Jay
    $200 3
penicillin

Tom
    $200 1
(Jay: What's a meteor?)

hailstone

TomJay
    $200 21
Apple

Jay
    $200 26
(Garry) Trudeau

Mike
    $400 4
Chiang Kai-shek

Jay
    $400 17
Aleutians

Tom
    $400 5
hepatitis

Mike
    $400 9
barometer

Tom
    $400 22
Greyhound

Triple Stumper
    $400 27
Lincoln

Jay
    $600 10
(Helmut) Kohl

Tom
    $600 18
Devil's Island

Mike
    $600 6
cholera

Mike
    $600 13
weather satellite

Mike
    $600 23
camera

Mike
    $600 28
Miami Herald

Triple Stumper
    $800 11
Fischer

Tom
    $800 19
Christmas Island

Mike
    $800 7
rubella

Mike
    $800 14
horse latitudes

Mike
    $800 24
ergonomics

Tom
    $800 29
(Mike: What is The Subject was [*]?)

Roses

Mike
    $1000 12
Andrea Doria

Tom
    $1000 20
Fiji

Tom
    $1,000 8
Lou Gehrig's Disease

Mike
    $1000 15
anemometer

Tom
    $1,500 25
(Walter) Gropius

Tom
    $1000 30
(Russell) Baker

Jay

Scores at the end of the Double Jeopardy! Round:

Tom Mike Jay
$10,700 $7,700 $3,500

[wagering suggestions for these scores]

Final Jeopardy! Round responses

OPERETTAS
JayWhat is The Gypsy Baron
$3,500
MikeWhat is Naughty Marietta
$7,600
TomWhat is The Desert Song?
$4,720
The Desert Song

Final scores:

Tom Mike Jay
$15,420 $100 $0
4-day champion: $59,220 2nd place: trip on TWA to San Francisco & stay at Savoy Hotel 3rd place: Hartco solid oak parquet floor tile & Jeopardy! + Wheel of Fortune versions for Super Nintendo Entertainment System and Sega Geneis

Game dynamics:

Coryat scores:

Tom Mike Jay
$10,200 $7,700 $3,500
22 R
(including 1 DD),
2 W
18 R
(including 1 DD),
3 W
13 R
(including 1 DD),
2 W

Combined Coryat: $21,400

[game] [game scores] [suggest correction]

Game tape date: Unknown
The J! Archive is created by fans, for fans. Scraping, republication, monetization, and malicious use prohibited; this site may use cookies and collect identifying information. See terms. The Jeopardy! game show and all elements thereof, including but not limited to copyright and trademark thereto, are the property of Jeopardy Productions, Inc. and are protected under law. This website is not affiliated with, sponsored by, or operated by Jeopardy Productions, Inc. Join the discussion at JBoard.tv.